| 000 | 00591nam a22001937a 4500 | ||
|---|---|---|---|
| 005 | 20251108165421.0 | ||
| 008 | 250721s1979 xx 000 0 ara d | ||
| 082 | 1 | 4 | _a947.085/دوي |
| 100 | 1 | _aدويتشر، إسحاق | |
| 245 | 1 | 0 | _aروسيا بعد ستالين / |
| 264 | 1 |
_aبيروت : _bالمؤسسة العربية للدراسات و النشر، _c1979. |
|
| 300 | _a200ص | ||
| 650 | 1 | 7 | _aروسيا |
| 650 | 1 | 7 | _aتاريخ روسيا |
| 650 | 1 | 7 | _aالتاريخ الحديث |
| 700 | 1 |
_aالفقير، مصطفى _eترجمة |
|
| 942 |
_2ddc _cBK |
||
| 999 |
_c27424 _d27424 |
||